000 00528nam a2200145 a 4500
008 120926s1977 ||||||||||||||||| || u
050 _aKJ 651 LAW
110 _aSoviet Maritime Law Association
245 1 4 _aThe law of the sea: topical problems
260 _aMoscow:
_c1977
300 _a131p.
650 _aMARITIME LAW--CONGRESSES
650 _aMARINE RESOURCES--CONGRESSES
995 _aSPECIAL COLLECTIONS
_e500133
_FCBU-DAG HAMMARSKJOLD INSTITUTE LIBRARY
_jDAG KJ 651 LAW
_M1
_UAVAILABLE
_WNov 7, 2012
_y500133
_ZDHIPS Book Collection
999 _c345
_d345